| 000 | 00510nam a22001457a 4500 | ||
|---|---|---|---|
| 003 | MACL | ||
| 005 | 20200304124540.0 | ||
| 008 | 200304b xxu||||| |||| 00| 0 eng d | ||
| 040 | _cMACL | ||
| 100 |
_aस्याल,शान्ति कुमार _974480 |
||
| 245 | _aभारतीय नारी और पश्चिमीकरण | ||
| 260 |
_aदिल्ली _bआर्य प्रकाशन _c2013 |
||
| 650 |
_aस्त्रीविमर्श _975132 |
||
| 942 |
_2ddc _cHIN |
||
| 999 |
_c62298 _d62298 |
||